Current Leaders by Picture: Oceania 🌏 - Statistics

General Stats
  • This quiz has been taken 27 times
    14 since last reset
  • The average score is 5 of 14
Answer Stats
Picture Answer % Correct
Anthony Albanese
100%
James Marape
36%
Russ Kun
36%
Surangel Whipps Jr
36%
Christopher Luxon
27%
David Kabua
27%
Fiame Naomi Mata'afa
27%
Manasseh Sogavare
27%
Siaosi Sovaleni
27%
Taneti Maamau
27%
Wesley Simina
27%
Charlot Salwai
18%
Kausea Natano
18%
Sitiveni Rabuka
18%
No matching quizzes found
Score Distribution
Percent of People with Each Score
Percentile by Number Answered
Your Score History
You have not taken this quiz since the last reset